<?xml version="1.0" encoding="UTF-8"?>
<record
    xmlns:xsi="http://www.w3.org/2001/XMLSchema-instance"
    xsi:schemaLocation="http://www.loc.gov/MARC21/slim http://www.loc.gov/standards/marcxml/schema/MARC21slim.xsd"
    xmlns="http://www.loc.gov/MARC21/slim">

  <leader>00422nam a22001577a 4500</leader>
  <controlfield tag="003">MPLRDC</controlfield>
  <controlfield tag="005">20220104142748.0</controlfield>
  <controlfield tag="008">210129b           ||||| |||| 00| 0 eng d</controlfield>
  <datafield tag="082" ind1=" " ind2=" ">
    <subfield code="a">540.7 HZ c.2</subfield>
  </datafield>
  <datafield tag="100" ind1=" " ind2=" ">
    <subfield code="a">&#x9A6C;&#x6765;&#x897F;&#x4E9A;&#x4E2D;&#x534E;&#x5927;&#x4F1A;&#x5802;&#x603B;&#x4F1A;</subfield>
  </datafield>
  <datafield tag="245" ind1=" " ind2=" ">
    <subfield code="a">&#x9A6C;&#x6765;&#x897F;&#x4E9A;&#x534E;&#x4EBA;&#x601D;&#x60F3;&#x5174;&#x9769;: &#x884C;&#x52A8;&#x7EB2;&#x9886;</subfield>
    <subfield code="c"></subfield>
  </datafield>
  <datafield tag="260" ind1=" " ind2=" ">
    <subfield code="a"></subfield>
    <subfield code="b">&#x9A6C;&#x6765;&#x897F;&#x4E9A;&#x4E2D;&#x534E;&#x5927;&#x4F1A;&#x5802;&#x603B;&#x4F1A;</subfield>
    <subfield code="c"></subfield>
  </datafield>
  <datafield tag="300" ind1=" " ind2=" ">
    <subfield code="b">&#x5E73;</subfield>
  </datafield>
  <datafield tag="650" ind1=" " ind2=" ">
    <subfield code="a"></subfield>
  </datafield>
  <datafield tag="942" ind1=" " ind2=" ">
    <subfield code="c">BK</subfield>
    <subfield code="o">540.7 HZ c.2</subfield>
  </datafield>
  <datafield tag="999" ind1=" " ind2=" ">
    <subfield code="c">33502</subfield>
    <subfield code="d">33492</subfield>
  </datafield>
  <datafield tag="952" ind1=" " ind2=" ">
    <subfield code="0">0</subfield>
    <subfield code="1">0</subfield>
    <subfield code="2">ddc</subfield>
    <subfield code="4">1</subfield>
    <subfield code="7">0</subfield>
    <subfield code="8">OSC</subfield>
    <subfield code="a">MPLRDC</subfield>
    <subfield code="b">MPLRDC</subfield>
    <subfield code="c">OSC</subfield>
    <subfield code="d">2007-12-10</subfield>
    <subfield code="g">0.00</subfield>
    <subfield code="l">0</subfield>
    <subfield code="o">540.7 HZ c.2</subfield>
    <subfield code="p">00033601</subfield>
    <subfield code="r">2021-03-18</subfield>
    <subfield code="s">2008-02-26</subfield>
    <subfield code="w">2021-03-18</subfield>
    <subfield code="y">BK</subfield>
    <subfield code="z">mplrdc</subfield>
  </datafield>
</record>
